LEADER 01280nam a2200277 a 4500 001 000000129728 003 CaOOAMICUS 005 20120717153234.0 008 120717s2012 gw ad u000 u ger r 020 $a978-3-451-02251-7 040 $aPUL$bita 100 1 $aKnoepffler, Nikolaus.$0(OLS)http://pul/name/50323 245 14$aDer Beginn der menschlichen Person und bioethische Konfliktfälle :$bAnfragen an das Lehramt /$cNikolaus Knoepffler. 260 $aFreiburg im Breisgau :$bHerder,$c©2012. 300 $a225 p. :$bill., grafici ;$c22 cm 490 1 $aQuaestiones disputatae ;$v251 504 $aInclude riferimenti bibliografici ed indice. 650 4$aBioetica.$0(OLS)http://pul/subject/2868 830 0$aQuaestiones disputatae ;$v251.$0(OLS)http://pul/title/4920 850 $aPUL 852 $aPUL$W1$xSL Religione 2$y84$mTheol A6 251$j150194$qStampati Altre Collocazioni$B148746$CPULBib$Z2$F148746 $H120385 $82 941 1 $a10 996 $6020$a978-3-451-02251-7$9(OLS)http://pul/number/150332 996 $6245$aDer Beginn der menschlichen Person und bioethische Konfliktfälle :$bAnfragen an das Lehramt$9(OLS)http://pul/title/163977 996 $6260$aFreiburg im Breisgau :$bHerder$9(OLS)http://pul/publisher/48772 LEADER 01624nam a2200289 a 4500 001 000000145768 003 CaOOAMICUS 005 20150915152408.0 008 150915s2001 vc afd u000 u eng r 020 $a88-86726-11-2 040 $aPUL$bita 041 0 $aeng$aita$afre$aspa$ager 110 2 $aPontifical Academy of Sciences.$bPlenary session$n(7th :$d2001 :$cVatican City).$0(OLS)http://pul/name/93296 245 10$aGlobalization ethical and institutional concerns :$bthe proceedings of the seventh plenary session of the Pontifical Academy of Social Sciences 25-28 April 2001 /$c[edited by Mary Ann Glendon]. 260 $aVatican City :$bPontifical Academy of Sciences,$c2001. 300 $a408 p., [2] c. di tav. :$bill., grafici ;$c24 cm 490 1 $aPontifical Academy of Social Sciences Acta ;$v07 546 $aInterventi in inglese, italiano, francese, tedesco e spagnolo. 650 4$aGlobalizzazione$xAspetti religiosi.$0(OLS)http://pul/subject/41309 830 0$aPontifical Academy of Social Sciences$pActa ;$v07.$0(OLS)http://pul/title/147421 850 $aPUL 852 $aPUL$W1$xDP1 Fondo S. Lanza$y121$m4 A 38$j115100$qFondi$B169254$CPULBib$Z2$F169254 $HLan879 $82 941 1 $a1 996 $6020$a88-86726-11-2$9(OLS)http://pul/number/158621 996 $6245$aGlobalization ethical and institutional concerns :$bthe proceedings of the seventh plenary session of the Pontifical Academy of Social Sciences 25-28 April 2001$9(OLS)http://pul/title/184325 996 $6260$aVatican City :$bPontifical Academy of Sciences$9(OLS)http://pul/publisher/81454